VIA VERITÀ E VITA. RIVISTA PASTORALE CATECHETICA. NOVEMBRE-DICEMBRE 1984. (Record n. 325630)
[ formato base ]
| 000 -LEADER | |
|---|---|
| fixed length control field | 01407nas a2200277Ia 4500 |
| 001 - CONTROL NUMBER | |
| control field | R268-R7037 |
| 003 - CONTROL NUMBER IDENTIFIER | |
| control field | IT-CnALBA |
| 008 - FIXED-LENGTH DATA ELEMENTS--GENERAL INFORMATION | |
| fixed length control field | 170116c99999999xx |||||||||||| ||und|| |
| 040 ## - CATALOGING SOURCE | |
| Original cataloging agency | IT-CnALBA |
| Transcribing agency | IT-CnALBA |
| 041 ## - LANGUAGE CODE | |
| Language code of text/sound track or separate title | ITALIANO |
| 999 ## - SYSTEM CONTROL NUMBERS (KOHA) | |
| Koha Dewey Subclass [OBSOLETE] | NO |
| 100 ## - MAIN ENTRY--PERSONAL NAME | |
| Personal name | POUPARD PAUL, CARDINALE |
| 210 ## - ABBREVIATED TITLE | |
| Abbreviated title | VIA VERITÀ E VITA |
| 222 ## - KEY TITLE | |
| Key title | VIA VERITÀ E VITA |
| 245 #0 - TITLE STATEMENT | |
| Title | VIA VERITÀ E VITA. RIVISTA PASTORALE CATECHETICA. NOVEMBRE-DICEMBRE 1984. |
| 250 ## - EDITION STATEMENT | |
| Edition statement | 1a ed. |
| 260 ## - PUBLICATION, DISTRIBUTION, ETC. (IMPRINT) | |
| Place of publication, distribution, etc. | ROMA |
| Name of publisher, distributor, etc. | CENTRO CATECHISTICO PAOLINO |
| Date of publication, distribution, etc. | 1984 [1° Ed.:1984 - Ed.Ling.Originale: 1984] |
| 300 ## - PHYSICAL DESCRIPTION | |
| Extent | 80 p. |
| 310 ## - CURRENT PUBLICATION FREQUENCY | |
| Current publication frequency | BIMESTRALE |
| 362 ## - DATES OF PUBLICATION AND/OR SEQUENTIAL DESIGNATION | |
| Dates of publication and/or sequential designation | Fascicolo: 100 / Anno: 33 (1984) |
| 500 ## - GENERAL NOTE | |
| General note | EDITORIALE, VERSO I LONTANI. SFIDA ALLA CHIESA. CHIESA E ATEISMO PRATICO. COLLEGO J. RIZZA S. GIUSTINIANI P. JOSS A. PASTORALE NUOVA. IDENTIKIT LONTANI IN ITALIA. REALTÀ DEI LONTANI DOPO IL XXX SINODO DIOCESANO, NAPOLI. VIE NUOVE PER RAGGIUNGIMENTO DEI LONTANI. |
| 501 ## - WITH NOTE | |
| With note | Società San Paolo EM - Piazza San Paolo, 14 - 12051 ALBA (CN) (non commercial uses only) ® Copyright 2017 |
| 520 ## - SUMMARY, ETC. | |
| Summary, etc. | EDITORIALE, VERSO I LONTANI. SFIDA ALLA CHIESA. CHIESA E ATEISMO PRATICO. COLLEGO J. RIZZA S. GIUSTINIANI P. JOSS A. PASTORALE NUOVA. IDENTIKIT LONTANI IN ITALIA. REALTÀ DEI LONTANI DOPO IL XXX SINODO DIOCESANO, NAPOLI. VIE NUOVE PER RAGGIUNGIMENTO DEI LONTANI. |
| 650 ## - SUBJECT ADDED ENTRY--TOPICAL TERM | |
| Topical term or geographic name as entry element | TEOLOGIA PASTORALE - CATECHESI |
| 942 ## - ADDED ENTRY ELEMENTS (KOHA) | |
| Koha item type | RIVISTA |
| 957 ## - | |
| -- | 1 |
| 999 ## - SYSTEM CONTROL NUMBERS (KOHA) | |
| -- | 1 |
| Withdrawn status | Lost status | Damaged status | Not for loan | Home library | Current library | Date acquired | Total Checkouts | Full call number | Date last seen | Price effective from | Koha item type | Public note |
|---|---|---|---|---|---|---|---|---|---|---|---|---|
| Buone Condizioni | Not For Loan | ALBA - Biblioteca | ALBA - Biblioteca | 16/01/2017 | R268-R7037 | 16/01/2017 | 16/01/2017 | RIVISTA | (data import: 16 gennaio 2017) - By Epidotti, Vaglietti. |